Aprendizaje de las habilidades motrices /

Guardado en:
Detalles Bibliográficos
Autor principal: Lawther, Jonh D. (autor)
Formato: Libro
Idioma:Español
Publicado: Barcelona, España : Paidós, 1983, c1983
Colección:(Biblioteca de Educación Física. Psicomotricidad ; 33)
Temas:
Etiquetas: Agrega una etiqueta
Sin etiquetas, Sé el primero en etiquetar este registro!

MARC

LEADER 00000nam^a2200000^a^4500
001 000002021
005 20250521000000.0
009 20260310083132.618
020 |a 84-7509-232-2 
037 |a Acervo ITESO - Biblioteca 
041 |a ESP 
082 |a 153. 753  |b LAW 
100 |a Lawther, Jonh D.  |e (autor) 
245 1 0 |a Aprendizaje de las habilidades motrices /  |c J.D. Lawther ; tr. por Ana María Rodríguez. 
264 4 |a Barcelona, España :  |b Paidós,  |c 1983, c1983 
300 |a 186 p. 
336 |a texto  |b txt  |2 rdacontenido 
337 |a sin mediación  |b n  |2 rdamedio 
338 |a volumen  |b nc  |2 rdasoporte 
440 1 |a (Biblioteca de Educación Física.  |p Psicomotricidad ;  |v 33) 
500 |a Traducción de: The Learning of Physical Skills 
649 |a XX 
650 |a Desarrollo Psicomotriz y Perceptual 
650 |a Psicología Evolutiva 
650 |a Educación Física 
910 |a Fondo General 
920 |a Impresos - Libros 
930 |a Colección General 
905 |a 101 
901 |a 0020210100  |b IT1  |c ACC  |i 002021  |u 20250521 
902 |a https://opac.biblio.iteso.mx/vufind/Record/000002021